Statistiques concernant Élimination par catégorie - Chefs d'état français n°1

Cliquez ici pour prendre le quiz!

Statistiques générales

  • Ce quiz a été pris 1 850 fois
  • Le résultat moyen est 15 sur 20

Statistiques - réponses

Groupe#Catégorie% Correct
Vert25Président français...
100%
Vert8...de la Cinquième République...
100%
Vert5...avec un seul mandat...
99%
Vert4...après Georges Pompidou...
98%
Jaune64Roi français...
96%
Bleu31Chef d'état français ayant gouverné après 1795...
91%
Rose25Président français...
90%
Vert1...mais avant Jacques Chirac:Valéry Giscard d'Estaing
90%
Bleu22...mais avant 1950...
87%
Rose6...né à Paris...
85%
Bleu5...n'ayant été ni président...
78%
Bleu3...ni roi...
75%
Rose5...resté moins de 6 ans au pouvoir (en tant que président)...
70%
Jaune7...de la dynastie des Bourbons...
67%
Jaune5...s'appelant Louis...
65%
Jaune3...dont le règne se déroule entièrement avant la prise de la Bastille...
65%
Jaune1...et ayant régné moins de 50 ans:Louis XIII
59%
Bleu1...et n'ayant pas fait de coup d'état:Philippe Pétain
36%
Rose3...de la Troisième République...
32%
Rose1...dont le prénom ne contient pas de X:Jean Casimir-Perier
8%

Distribution des résultats

Percentile par nombre de réponses

% des personnes avec chaque résultat

Votre développement - résultats

Vous n’avez pas pris ce quiz